KOHA-Header-6

Management (Record no. 6291)

000 -LEADER
fixed length control field 00219nam a2200109Ia 4500
020 ## - INTERNATIONAL STANDARD BOOK NUMBER
ISBN 978-0074714195
100 ## - MAIN ENTRY--AUTHOR NAME
Personal name Bartol, Tein
245 #0 - TITLE STATEMENT
Title Management
260 ## - PUBLICATION, DISTRIBUTION, ETC. (IMPRINT)
Place of publication USA
Name of publisher McGraw-Hill
Year of publication 1994
300 ## - PHYSICAL DESCRIPTION
Number of Pages 734
942 ## - ADDED ENTRY ELEMENTS (KOHA)
Koha item type Books
Holdings
Withdrawn status Lost status Collection code Permanent Location Current Location Shelving location Date acquired Full call number Accession Number Koha item type
    Management MAJU MAJU   2019-09-07 658.15 1950 Management

Powered by Koha